| 000 | 00000nas 2200000za 4500 |
| 001 | 9.864284 |
| 003 | CaOODSP |
| 005 | 20221107161512 |
| 007 | cr ||||||||||| |
| 008 | 181106d19601963oncar p oss f000#b0fre|d |
| 022 | # |y0384-4609 |
| 040 | |aCaOODSP|bfre |
| 041 | |aeng|afre |
| 043 | |an-cn--- |
| 086 | 1 |aCS35-205-PDF |
| 245 | 00|aSash, door and planing mills, excluding hardwood flooring |h[ressource électronique] = |bL'industrie des portes et châssis et du rabotage à l'exclusion des parquets en bois dur. |
| 246 | 11|aIndustrie des portes et châssis et du rabotage à l'exclusion des parquets en bois dur |
| 260 | |aOttawa : |bDominion Bureau of Statistics, Industry and Merchandising Division = Bureau fédéral de la statistique, Division de l'industrie et du commerce,|c[1962]-1966. |
| 300 | |a4 v. |
| 310 | |aAnnuel |
| 362 | 0 |a1960-1963. |
| 490 | 0 |aAnnual census of manufactures = Recensement annuel des manufactures |
| 500 | |aÉdition numérisée de l’imprimé [par Statistique Canada] |
| 546 | |aTexte en anglais et en français. |
| 550 | |aLes livr. de 1961-1963 publiées par la Division de l'industrie. |
| 580 | |aFait suite à : The sash, door and planing mills industry in Canada. |
| 580 | |aSuivi de : Sash, door and other millwork plants, excluding hardwood flooring. |
| 692 | 07|2gccst|aIndustrie du bois |
| 710 | 1 |aCanada. |bBureau fédéral de la statistique. |bDivision de l'industrie et du commerce. |
| 710 | 1 |aCanada. |bBureau fédéral de la statistique. |bDivision de l'industrie. |
| 780 | 00|tSash, door and planing mills industry |w(CaOODSP)9.864295 |
| 785 | 00|tSash, door and other millwork plants, excluding hardwood flooring |w(CaOODSP)9.864276 |
| 791 | |tSash, door and planing mills, excluding hardwood flooring |eeng|w(CaOODSP)9.864282 |